Logo Painting Quiz Stats

 Plays Quiz Updated Oct 28, 2017

Challenge
Share
Tweet
Score 0/24 Timer 02:00
10 Plays Today
% Correct
Apple
99.1%
Apple
99.1%
Microsoft
92.5%
Microsoft
92.5%
Microsoft
92.5%
Microsoft
92.5%
ATT
79.4%
ATT
79.4%
ATT
79.4%
ATT
79.4%
ATT
79.4%
ATT
79.4%
% Correct
CBS
78.2%
CBS
78.2%
PBS
75.8%
PBS
75.8%
PBS
75.8%
PBS
75.8%
Wilson
73.8%
Marriott
41.4%
Marriott
41.4%
Marriott
41.4%
Marriott
41.4%
Zillow
36.4%

You're not logged in!

Compare scores with friends on all Sporcle quizzes.
Join for Free
OR
Log In

You Might Also Like...

Show Comments

Extras

Top Quizzes Today


Score Distribution

Your Account Isn't Verified!

In order to create a playlist on Sporcle, you need to verify the email address you used during registration. Go to your Sporcle Settings to finish the process.

Report this User

Report this user for behavior that violates our Community Guidelines.

Details: